Caen las máscaras

Guardat en:
Dades bibliogràfiques
Format: Text
Matèries:
Etiquetes: Afegir etiqueta
Sense etiquetes, Sigues el primer a etiquetar aquest registre!

MARC

LEADER 00000 a a2200000 04500
001 45582
003
040
245 |a Caen las máscaras  
500 |a Antes se llamaba: ALAI SERVICIO MENSUAL DE INFORMACION Y DOCUMENTACION  
650 |a POLITICA INTERNACIONAL  
650 |a GOLPES DE ESTADO  
650 |a DICTADURAS  
650 |a CARIBE  
650 |a HAITI  
773 |g volumen12, número105 (Julio, 1988), Págs. 1-2  
999 |c 18274  |d 18274